00606nam a2200169Ia 4500008004000000020001800040082001700058100002300075245002300098260004300121300001200164650002200176690002000198906001100218999001900229952018800248210210b1996 xxu||||| |||| 00| 0 eng d a0 75380 866 8 a823.914 GAAC aGAARDER (Jostein). aChristmas mystery. aGreat BritainbPhoenix Paperbackc1996 avii,247 aChristmas Mystery aEnglish Fiction a055982 c103334d103334 001040708EnglishaALbALcEnglish Literatured2021-02-17eHigginbothams (P) Ltd., Mangalore-01.g285.00l3m1o823.914 GAACp055982r2025-12-15 14:39:30s2025-12-01w2021-02-17yBK